000 00846nam a22002177a 4500
003 OSt
005 20260311055337.0
008 260311b |||||||| |||| 00| 0 eng d
020 _a0448089181
040 _aDWCL GS lib
_cOC
082 _aFic. D621t 2008
100 _aDixon Franklin W.
245 _aThe Twisted Claw
_cFranklin W. Dixon
260 _aCanada
_bFranklin W. Dixon
_c1939
300 _aExtent- vii, 177 pages:
_billustrations ;
_c20cm
520 _afollows Frank and Joe Hardy as they investigate a series of museum thefts involving ancient pirate treasure.
650 _a refers primarily to the 18th volume in the Hardy Boys Mystery Stories series by Franklin W. Dixon
650 _afocuses on the dangers of greed, impulsiveness, and disrespecting the wisdom of elders.
700 _aFranklin W. Dixon
942 _2ddc
_cFIC.
_n0
999 _c8939
_d8939